000 00739nam a2200265Ia 4500
003 OSt
005 20220925220900.0
006 a|||||r|||| 00| 0
007 ta
008 220923b |||||||| |||| 00| 0 eng d
020 _a0333630092
037 _cGeneral Book
040 _aRTL
_cRTL
_beng
041 _2eng
_aeng
082 _aY:6, N6
100 _aFlanagan Keiran
_9285489
245 0 _aPostmodernity, sociology and religion
260 _aLondon
_bMacmillan Press
_c1996
300 _axii,224p
_ccm.
500 _aBibliography : p 206-18
650 _aSocial Change
700 _a Jupp Peter C Ed.
_980306
942 _hY:6, N6
_cGB
_2CC
999 _c572766
_d572766